Badhir sanskrit, itihas, pahchan or sanketik bhasha (Record no. 393823)

MARC details
000 -LEADER
fixed length control field 00578 a2200205 4500
005 - DATE & TIME
control field 20260105111130.0
008 - FIXED-LENGTH DATA ELEMENTS--GENERAL INFORMATION
fixed length control field 260105b |||||||| |||| 00| 0 eng d
020 ## - ISBN
International Standard Book Number 9789349202986
Price Rs. 550.00
040 ## - CATALOGING SOURCE
Original cataloging agency VIVEKANANDA LIBRARY
082 ## - DDC NUMBER
Classification number 305.9082
Book Number J318B
100 ## - MAIN ENTRY--PERSONAL NAME
Personal name Jaat, Kamlesh
245 ## - TITLE STATEMENT
Title Badhir sanskrit, itihas, pahchan or sanketik bhasha
260 ## - PUBLICATION, DISTRIBUTION, ETC. (IMPRINT)
Name of publisher, distributor, etc V R Book International
Date of publication, distribution, etc 2025
Place of publication, distribution, etc New Delhi
300 ## - PHYSICAL DESCRIPTION
Pages x, 142
650 ## - Subject
Subject Social Groups
650 ## - Subject
Subject Groups by Physical Condition
650 ## - Subject
Subject Deaf Community
700 ## - Added Entry Personal Name
Added Entry Personal Name Jaat, Parveen Kumar, ed.
942 ## - ADDED ENTRY ELEMENTS (KOHA)
Koha item type Books
Holdings
Withdrawn status Lost status Source of classification or shelving scheme Damaged status Not for loan Location (home branch) Sublocation or collection (holding branch) Shelving location Date acquired Koha issues (times borrowed) Koha full call number Accession No. Koha date last seen Koha item type
    Dewey Decimal Classification     VIVEKANANDA LIBRARY VIVEKANANDA LIBRARY Centre for Disability Studies 02/12/2025   305.9082 J318B 443359 02/12/2025 Books
    Dewey Decimal Classification     VIVEKANANDA LIBRARY VIVEKANANDA LIBRARY Centre for Disability Studies 02/12/2025   305.9082 J318B 443361 02/12/2025 Books
    Dewey Decimal Classification     VIVEKANANDA LIBRARY VIVEKANANDA LIBRARY Centre for Disability Studies 02/12/2025   305.9082 J318B 443360 02/12/2025 Books
    Dewey Decimal Classification     VIVEKANANDA LIBRARY VIVEKANANDA LIBRARY Centre for Disability Studies 02/12/2025   305.9082 J318B 443357 02/12/2025 Books
    Dewey Decimal Classification     VIVEKANANDA LIBRARY VIVEKANANDA LIBRARY Centre for Disability Studies 02/12/2025   305.9082 J318B 443358 02/12/2025 Books
© Designed and Maintained by Vivekananda Library, MDU Rohtak